| 000 | 00813nab a2200241u 4500 | ||
|---|---|---|---|
| 001 | 16885 | ||
| 003 | HDC | ||
| 007 | c| |||a|c|aaaa | ||
| 008 | 210221b20140521my ||||| |||| 00| 0 may d | ||
| 040 | _aHDC | ||
| 100 |
_aMuhammad Yusri Muzamir / _eauthor _915759 |
||
| 245 | 0 |
_aCCMD majukan perubatan bioterapeutik / _cMuhammad Yusri Muzamir |
|
| 336 |
_atext _2rdacontent |
||
| 337 |
_acomputer _2rdamedia |
||
| 338 |
_aonline resource _2rdacarrier |
||
| 650 |
_aCCM Duopharma Biotech Bhd (CCMD) _916533 |
||
| 650 |
_aerthopoietin (EPO) _916534 |
||
| 710 | _aBERITA HARIAN | ||
| 856 | _zRequest full-text at [email protected] | ||
| 942 | _2lcc | ||
| 942 | _cNEWS | ||
| 942 | _kNWSC 004944 | ||
| 999 |
_c14201 _d14201 |
||